Sudden infant death : probable causes & simple prevention

Bibliographic Details
Main Author: Tyler, James W
Other Authors: Mendelsohn, Robert S
Format: Book
Published: New York : Sterling Publishing Co.,Inc. , 1986
Subjects:

MARC

LEADER 00000cam a2200000 7i4500
001 0000009234
002 000010054
005 20000330.0
020 |a 0806963468 
090 0 0 |a 618.92   |b TYL 
100 1 |a Tyler, James W 
245 1 0 |a Sudden infant death :   |b probable causes & simple prevention   |c James W. Tyler ; introduction by Robert S. Mendelsohn 
260 |a New York :   |b Sterling Publishing Co.,Inc. ,   |c 1986 
300 |a 79p. ;   |c 23cm. 
650 0 0 |a Ammonia   |x Toxicology 
650 0 0 |a Sudden deth in infants 
700 1 |a Mendelsohn, Robert S 
999 |a 0004684   |b BUKU   |c PINJAMAN   |e PERPUSTAKAAN KOMUNITI PETALING JAYA